Linear algebra with applications including linear programming (Record no. 23892)

MARC details
000 -LEADER
fixed length control field 00336nam a2200121Ia 4500
082 ## - DEWEY DECIMAL CLASSIFICATION NUMBER
Classification number 512.534.7
Item number CAM
100 ## - MAIN ENTRY--AUTHOR NAME
Personal name Campbell, Huhg G
245 #0 - TITLE STATEMENT
Title Linear algebra with applications including linear programming
260 ## - PUBLICATION, DISTRIBUTION, ETC. (IMPRINT)
Place of publication New York
Name of publisher ACC
Year of publication 1971
650 ## - SUBJECT ADDED ENTRY--TOPICAL TERM
Topical Term Linear Algebra
942 ## - ADDED ENTRY ELEMENTS (KOHA)
Koha item type Books
Holdings
Withdrawn status Lost status Damaged status Not for loan Home library Current library Date acquired Cost, normal purchase price Full call number Accession Number Koha item type
        RRII Library RRII Library 16/12/2021 14.95 512.534.7 CAM 04586 Books